000 00587nam a2200229Ia 4500
003 OSt
005 20220924150838.0
006 a|||||r|||| 00| 0
007 ta
008 220923b |||||||| |||| 00| 0 tel d
024 _a334929
037 _cTextual
040 _aARTS
_cARTS
_btel
041 _2tel
_atel
082 _aO35,3M95:g, N0
100 _aRaghavan K.V.N.
_9223063
245 0 _aViswanatha
_b ardhika vyavastha
260 _c1990
650 _aTELUGU FICTION
942 _hO35,3M95:g, N0
_cTEXL
_2CC
999 _c464746
_d464746